Normal view
MARC view
- سیاست، معاشرہ، ثقافت، تاریخ وغیرہ
Entry Topical Term
001 - CONTROL NUMBER
- control field: 129776
003 - CONTROL NUMBER IDENTIFIER
- control field: NUST
005 - DATE AND TIME OF LATEST TRANSACTION
- control field: 20250712202851.0
008 - FIXED-LENGTH DATA ELEMENTS
- fixed length control field: 250712|| aca||aabn | a|a d
040 ## - CATALOGING SOURCE
- Original cataloging agency: NUST
- Transcribing agency: NUST
150 ## - HEADING--TOPICAL TERM
- Topical term or geographic name entry element: سیاست، معاشرہ، ثقافت، تاریخ وغیرہ
670 ## - SOURCE DATA FOUND
- Source citation: Work cat.: (NUST): Shaista Hameed Khan 129775, Urdu Mazameen Barai CSS PMS PCS
